Loading...

Management of industrial relations

Bibliographic Details
Main Author: Verma, Pramod
Language:English
Published: Ahmedabad Vora Prakashan 1979
Subjects:
LEADER 01474nam a22002537a 4500
005 20151215125728.0
008 100118t xxu||||| |||| 00| 0 eng d
082 |a 331  |b VER 
100 |a Verma, Pramod 
245 |a Management of industrial relations 
300 |a 434p. 
653 |a Management 
942 |c TB  |6 _ 
260 |a Ahmedabad  |b Vora Prakashan  |c 1979 
999 |c 108828  |d 108828 
952 |0 0  |1 0  |2 ddc  |4 0  |6 331_VER  |7 0  |9 137179  |a SMS  |b SMS  |c GEN  |d 2010-01-18  |o 331 VER  |p SMST02346  |r 2010-01-18  |w 2010-01-18  |y TB 
952 |0 0  |1 0  |2 ddc  |4 0  |6 331_VER5  |7 0  |9 137180  |a SMS  |b SMS  |c GEN  |d 2010-01-18  |o 331 VER;5  |p SMST02347  |r 2010-01-18  |w 2010-01-18  |y TB 
952 |0 0  |1 0  |2 ddc  |4 0  |6 _  |7 0  |9 137181  |a SMS  |b SMS  |c GEN  |d 2010-01-18  |p SMST02349  |r 2010-01-18  |w 2010-01-18  |y TB 
952 |0 0  |1 0  |2 ddc  |4 0  |6 331_VER  |7 0  |9 137182  |a SMS  |b SMS  |c GEN  |d 2010-01-18  |o 331 VER  |p SMST02351  |r 2010-01-18  |w 2010-01-18  |y TB 
952 |0 0  |1 0  |2 ddc  |4 0  |6 331_VER  |7 0  |9 137183  |a SMS  |b SMS  |c GEN  |d 2010-01-18  |o 331 VER  |p SMST02352  |r 2010-01-18  |w 2010-01-18  |y TB 
952 |0 0  |1 0  |2 ddc  |4 0  |6 331_VER3  |7 0  |9 137184  |a SMS  |b SMS  |c GEN  |d 2010-01-18  |o 331 VER;3  |p SMST02353  |r 2010-01-18  |w 2010-01-18  |y TB 
952 |0 0  |1 0  |2 ddc  |4 0  |6 331_VER4  |7 0  |9 137185  |a SMS  |b SMS  |c GEN  |d 2010-01-18  |o 331 VER;4  |p SMST02354  |r 2010-01-18  |w 2010-01-18  |y TB 
952 |0 0  |1 0  |2 ddc  |4 0  |6 331_VER  |7 0  |9 137186  |a SMS  |b SMS  |c GEN  |d 2010-01-18  |o 331 VER  |p SMST02355  |r 2010-01-18  |w 2010-01-18  |y TB 
952 |0 0  |1 0  |2 ddc  |4 0  |6 331_VER  |7 0  |9 137187  |a SMS  |b SMS  |c GEN  |d 2010-01-18  |o 331 VER  |p SMST02356  |r 2010-01-18  |w 2010-01-18  |y TB